[Event "Asia-ch Amateur"]
[Site "Dubai"]
[Date "2023.08.29"]
[Round "3"]
[White "Ravil, Pernekhan"]
[Black "Safarullakhan, Safin"]
[Result "1-0"]
[WhiteElo "1844"]
[BlackElo "1696"]
[PlyCount "143"]
[EventDate "2023.08.28"]
[EventType "swiss"]
[EventRounds "9"]
[EventCountry "UAE"]
[SourceTitle "EXT 2024"]
[Source "ChessBase"]
[SourceDate "2023.10.10"]
[SourceVersion "1"]
[SourceVersionDate "2023.10.10"]
[SourceQuality "1"]

1. d4 Nf6 2. Nc3 d5 3. Bf4 a6 4. e3 e6 5. g4 Bd6 6. Qf3 Bxf4 7. exf4 c5 8. Nge2 cxd4 9. Nxd4 Qb6 10. 0-0-0 Nc6 11. Nb3 Bd7 12. g5 Ng8 13. f5 0-0-0 14. Bh3 Nge7 15. Rhe1 d4 16. fxe6 Bxe6 17. Na4 Qc7 18. Bxe6+ fxe6 19. Nac5 Rdf8 20. Qg2 Qf4+ 21. Rd2 e5 22. Ne6 Qf3 23. Qg3 Rf7 24. Nbc5 Qd5 25. Qg4 Nf5 26. Nxg7 Qxa2 27. Kd1 Rxg7 28. Qxf5+ Kb8 29. Nd7+ Ka8 30. Nxe5 Re8 31. f4 Rge7 32. Re4 Qa1+ 33. Ke2 Qg1 34. Kf3 Qf1+ 35. Rf2 Qh1+ 36. Kg3 Nxe5 37. fxe5 Qc1 38. b3 Rg7 39. h4 Rc7 40. Ree2 Qh1 41. Qe4 Rc3+ 42. Kg4 Qh3+ 43. Kh5 Rg3 44. Qf5 Qh1 45. e6 Re3 46. e7 Qd1 47. Qg4 R8xe7 48. Rxe3 Qxg4+ 49. Kxg4 dxe3 50. Re2 Re4+ 51. Kg3 b5 52. h5 a5 53. Kf3 Rh4 54. Rxe3 Rxh5 55. Re5 h6 56. Rxb5 Rxg5 57. Rxg5 hxg5 58. Kg4 Kb7 59. Kxg5 Kc6 60. Kf4 Kb5 61. Ke4 Kc5 62. Kd3 Kb4 63. Kd4 Kb5 64. c4+ Kb4 65. c5 Kxb3 66. c6 a4 67. c7 a3 68. c8Q Kb2 69. Qc3+ Ka2 70. Kc4 Kb1 71. Kb3 a2 72. Qe1# 1-0